Účinnosť hospodárskej politiky thatcherizmu vo Veľkej Británii diplomová práca

Na minha lista:
Detalhes bibliográficos
Autor principal: Šuláková, Agáta, 1995-
Autor Corporativo: Národohospodárska fakulta EU. Katedra hospodárskej politiky
Outros Autores: Morvay, Karol, 1973-
Formato: Livro
Idioma:eslovaco
Publicado em: Bratislava 2018
Tags: Adicionar Tag
Sem tags, seja o primeiro a adicionar uma tag!

MARC

LEADER 00000nbm a2200000 4500
001 0244241
005 20181127084612.6
041 0 |a slo 
044 |a SK 
245 1 0 |a Účinnosť hospodárskej politiky thatcherizmu vo Veľkej Británii  |b diplomová práca  |c Agáta Šuláková ; školiteľ: Karol Morvay 
264 1 |a Bratislava  |c 2018 
300 |a 65 s. 
100 1 |a Šuláková, Agáta, 1995- 
700 1 |a Morvay, Karol, 1973- 
710 2 |a Národohospodárska fakulta EU. Katedra hospodárskej politiky